Interstellar processes : proceedings of the symposium on interstellar processes, held in Grand Teton National Park, July 1986 /

Bibliographic Details
Corporate Authors: Summer School on Interstellar Processes, American Astronomical Society, Canadian Astronomical Society, Universidad Nacional Autónoma de México. Instituto de Astronomía
Other Authors: Hollenbach, David J., Thronson, Harley A.
Format: Conference Proceeding Book
Language:English
Published: Dordrecht ; Boston : D. Reidel Pub. Co. ; [1987-]
Series:Astrophysics and space science library ; v. 134.
Subjects:

MARC

Tag First Indicator Second Indicator Subfields
LEADER 00000cam a2200000 a 4500
001 in00000008224
005 20151002080017.0
008 870312m19879999ne a b 10100 eng
010 |a  87004880  
020 |a 9027724822 (set) 
020 |a 9027724857 (pbk. : set) 
035 |a (OCoLC)15418853 
035 |9 AAA0590AM 
040 |a DLC  |c DLC  |d TXA  |d UtOrBLW 
050 0 0 |a QB460  |b .I59 1987 
245 0 0 |a Interstellar processes :  |b proceedings of the symposium on interstellar processes, held in Grand Teton National Park, July 1986 /  |c edited by David J. Hollenbach and Harley A. Thronson, Jr. 
264 1 |a Dordrecht ;  |a Boston :  |b D. Reidel Pub. Co. ;  |c [1987-] 
264 2 |a Norwell, MA, U.S.A. :  |b Sold and distributed in the U.S.A. and Canada by Kluwer Academic Publishers, 
264 4 |c ©1987- 
300 |a volumes :  |b illustrations (some color) ;  |c 25 cm. 
336 |a text  |b txt  |2 rdacontent 
337 |a unmediated  |b n  |2 rdamedia 
338 |a volume  |b nc  |2 rdacarrier 
490 1 |a Astrophysics and space science library ;  |v v. 134 
500 |a Papers originally presented at the Summer School on Interstellar Processes and sponsored by the American Astronomical Society, Canadian Astronomical Society, and the Instituto de Astronomía (UNAM). 
504 |a Includes bibliographies and index. 
650 0 |a Astrophysics  |v Congresses. 
650 0 |a Interstellar matter  |v Congresses. 
700 1 |a Hollenbach, David J. 
700 1 |a Thronson, Harley A. 
711 2 |a Summer School on Interstellar Processes  |d (1986 :  |c Grand Teton National Park, Wyo.) 
710 2 |a American Astronomical Society. 
710 2 |a Canadian Astronomical Society. 
710 2 |a Universidad Nacional Autónoma de México.  |b Instituto de Astronomía. 
830 0 |a Astrophysics and space science library ;  |v v. 134. 
999 |a MARS 
999 f f |s 2e74a5b0-a0e0-3410-9eb6-b8bc32bbbff8  |i 619498bc-aeb6-3aac-b4c9-3aa4147f154e  |t 0 
952 f f |p ric  |a Texas A&M University  |b Rellis Campus  |c Joint Library Facility  |d Remote Storage  |t 0  |e QB460 .I59 1987  |h Library of Congress classification  |i unmediated -- volume  |k v.1  |m A14812615363 
998 f f |a QB460 .I59 1987  |s v.1  |t 0  |l Remote Storage